00378nam a2200121Ia 4500008004100000100002300041245005000064245004000114260000900154300002900163440004200192650002200234171207s9999 xx 000 0 und d aSugheir, Jeffry S. aEffectuation and Valuation: Cannabis & Glass  cJeffrey S. Sugheir, Kent E. Neupert c2017 apages 102-22, March 2017 aThe Journal of Entrepreneurshipv26:1 aCANNABIS INDUSTRY